000
00448nam a2200145Ia 4500
008
100204s9999 xx 000 0 und d
082
_b
18943
100
_a
इनामदार ना.स.
245
_a
इंद्र्रनील
260
_b
"सन पब्लिकेशन्स , पुणे"
_c
1996
300
_a
253
630
_a
इंद्र्रनील
730
_a
इंद्र्रनील
942
_c
BOOK
999
_c
463366
_d
463363